LEADER 01156nam0 2200325 450 001 000018658 005 20060608170616.0 010 $a0-12-182202-8$bParte C 011 $a0076-6879 100 $a20051201d--------km-y0itaa50------ba 101 0 $aeng 102 $aUS 200 1 $aNitric oxide$fedited by Lester Packer 210 $aSan Diego... [etc.]$cAcademic Press 215 $av.$cill.$d24 cm 225 2 $aMethods in enzymology$v301 327 0 $aParte C: Biological and antioxidant activities / edited by Lester Packer. - c1999. - XXXVIII, 589 p. 410 1$12001$aMethods in enzymology$v301 606 1 $aOssidi di azoto$xAzione biologica 676 $a572$v(21. ed.)$9Biochimica 702 1$aPacker,$bLester 801 0$aIT$bUniversità della Basilicata - B.I.A.$gRICA$2unimarc 912 $a000018658 996 $aNitric oxide$983581 997 $aUNIBAS BAS $aAGRARIA CAT $aSTD042$b00$c20051201$lBAS01$h1419 CAT $aTTM$b30$c20060608$lBAS01$h1706 FMT Z30 -1$lBAS01$LBAS01$mBOOK$1BASA2$APolo Tecnico-Scientifico$2DID$BDidattica$3PTS$690712$5A90712$820051201$eXXXVIII, 589$f98$FConsultazione$hParte C